[Event "Waldviertler-ch"]
[Site "Litschau"]
[Date "2005.06.10"]
[Round "2"]
[White "Trisko, Carola"]
[Black "Lehner, Konrad"]
[Result "0-1"]
[WhiteElo "1301"]
[BlackElo "1507"]
[PlyCount "66"]
[EventDate "2005.06.09"]
[EventType "swiss"]
[EventRounds "5"]
[EventCountry "AUT"]
[SourceTitle "EXT 2006"]
[Source "ChessBase"]
[SourceDate "2005.11.24"]
[SourceVersion "1"]
[SourceVersionDate "2005.11.24"]
[SourceQuality "1"]

1. e4 e6 2. Bb5 a6 3. Bc4 d5 4. exd5 exd5 5. Bd3 Bd6 6. Nc3 Nf6 7. Qf3 Be6 8. Nge2 0-0 9. Nf4 Bg4 10. Qg3 Re8+ 11. Kf1 Qe7 12. Qe3 Bxf4 13. Qxe7 Rxe7 14. h3 Bd7 15. g3 Bd6 16. Be2 d4 17. Nd1 Nc6 18. d3 Rae8 19. Bf3 Re1+ 20. Kg2 Rxh1 21. Kxh1 Bxh3 22. Bd2 Bg4 23. Bxc6 bxc6 24. c3 c5 25. b4 dxc3 26. Bxc3 cxb4 27. Bd4 c5 28. Be3 Nd5 29. Bg5 Bf3+ 30. Kh2 Re1 31. Nb2 Rxa1 32. Nd1 Rxd1 33. Kh3 Rh1# 0-1